000 00844nam a2200253Ia 4500
003 GCL
008 140319s9999 xx 000 0 ara d
040 _aGCL /
_cGCL
082 0 4 _aق
_b962.0352
_bم ا
100 1 _aمحمد عودة
245 1 0 _aاحمد عرابى /
_cمحمد عودة
260 _aالقاهرة :
_bالمكتبة الاكاديمية ،
_c1986
300 _a159 ص ؛
_c24سم
490 _aمصر فى مائة عام
_v0
650 0 4 _aالعصر الحديث
650 0 4 _aمصر
650 0 4 _aتاريخ
650 0 4 _aالمقاومة الشعبية
650 0 4 _aالخديوى توفيق (1879 - 1892)
650 0 4 _aالاحتلال البريطانى
650 0 4 _aاحمد عرابى
650 0 4 _aمصر - تاريخ - العصر الحديث - الثورة العرابية
942 _2ddc
_cBK
999 _c58187
_d58187